00633nam a2200157Ia 4500008004100000020001800041082001500059100006700074245013000141250001600271260002900287300000900316942001200325999001900337952011900356210430s9999 xx 000 0 und d a0-7506-2942-8 a660 C853 C aJ M Coulson, J F Richardson, J R Backhurst, J H Harker9127646 aCoulson and Richardson's Chemical Engineering: Praticle technology & Separation Processes V-2 /cJ.M.Coulson & J.F.Richardson a4th edition aIndiabJ.M.Coulsonc2001 a979p cBK2ddc c563163d563163 001040708NFICaSCMEbSCMEcGENd0000-00-00l6m9o660 C853 CpSCME-2072r2026-01-29s2025-12-23w2021-04-30yBK